Buddhism and dalits: social philosophy and traditions (Record no. 440769)

000 -LEADER
fixed length control field 00532cam a22001577a 4500
008 - FIXED-LENGTH DATA ELEMENTS--GENERAL INFORMATION
fixed length control field 180718b2010 xxu||||| |||| 00| 0 eng d
020 ## - INTERNATIONAL STANDARD BOOK NUMBER
International Standard Book Number 9788178357928
082 ## - DEWEY DECIMAL CLASSIFICATION NUMBER
Classification number BA27x54 N143b
100 ## - MAIN ENTRY--PERSONAL NAME
Personal name Naik, C. D.
245 ## - TITLE STATEMENT
Title Buddhism and dalits: social philosophy and traditions
Statement of responsibility, etc. by C. D. Naik
260 ## - PUBLICATION, DISTRIBUTION, ETC.
Place of publication, distribution, etc. Delhi
Name of publisher, distributor, etc. Kalpaz
Date of publication, distribution, etc. 2010
300 ## - PHYSICAL DESCRIPTION
Extent 317p.
650 ## - SUBJECT ADDED ENTRY--TOPICAL TERM
Topical term or geographic name entry element Dalits --India --Social conditions
650 ## - SUBJECT ADDED ENTRY--TOPICAL TERM
Topical term or geographic name entry element Buddhism and social problems --India
650 ## - SUBJECT ADDED ENTRY--TOPICAL TERM
Topical term or geographic name entry element Ambedkar, B. R. (Bhimrao Ramji), 1891-1956 --Political and social views
Holdings
Withdrawn status Lost status Damaged status Not for loan Permanent Location Current Location Date acquired Full call number Barcode Date last seen Price effective from Koha item type
        Indian Institute of Public Administration Indian Institute of Public Administration 2010-07-06 BA27x54 N143b 83814 2018-07-21 2018-07-21 Book

Powered by Koha